| 000 | 00780nam a22002297a 4500 | ||
|---|---|---|---|
| 999 |
_c65543 _d65543 |
||
| 005 | 20240530110830.0 | ||
| 008 | 190903s1999 ua a g b 000 0 ara d | ||
| 017 | _bمصر. دار الكتب | ||
| 040 |
_aEG-CaGPL _cEG-CaGPL |
||
| 082 | 0 | 4 |
_221 _a808.8 \ _bك آ |
| 100 | 0 | _aكامارتين | |
| 245 | 0 | 0 |
_aاداب سويسرا الاربعة / _cايزو كامارتين ؛ ترجمة ضياء الدين محمد بدر |
| 250 | _aط.1 | ||
| 260 |
_aالقاهرة : _c1999 |
||
| 300 |
_a161 ص. ؛ _c20 سم. |
||
| 650 | 0 | 7 |
_2qrmak _aالادب السوسرى |
| 650 | 0 | 7 |
_aالادب الالمانى _2qrmak |
| 651 | _2qrmak | ||
| 700 | 0 |
_aضياء الدين محمد بدر _eمترجم |
|
| 942 |
_2ddc _cBK |
||